000 00264nam a22001217a 4500
008 170630b xxu||||| |||| 00| 0 eng d
041 _aeng
080 _a93
100 _a22
101 _aSHH
245 _aANIMALS, MEN, AND MYTHS
_cLEWINSOHN, R
942 _2udc
_cBK
999 _c19715
_d19715